| 000 | 00510pam a2200181 a 4500 | ||
|---|---|---|---|
| 020 | _a0471100420 (cloth : alk. paper) | ||
| 040 | _cDLC | ||
| 082 | 0 | 0 | _a540 J.WI 1996 A026 Or. |
| 100 | 1 | _aBrady, James E., | |
| 245 | 1 | 0 |
_aChemistry : _bthe study of matter and its changes / |
| 250 | _a2nd ed. | ||
| 260 |
_aNew York : _bJ. Wiley, _cc1996. |
||
| 300 |
_a1 v. (various pagings) : _bill. (some col.) ; _c26 cm. |
||
| 500 | _aIncludes index. | ||
| 650 | 0 | _aChemistry. | |
| 700 | 1 | _aHolum, John R. | |
| 942 | _cEK | ||
| 999 |
_c13122 _d13122 |
||